| 000 | 00984cab a2200241 4500 | ||
|---|---|---|---|
| 001 | WB3016-27 | ||
| 008 | 090401t1994 xxu||||| |||| 00| 0 eng d | ||
| 035 | _a(Sirsi) u36985 | ||
| 041 | _aeng | ||
| 245 | _aWind farms | ||
| 260 | _c1994 | ||
| 350 | _a0 | ||
| 490 |
_aFinancial Times _v29 April 1994, 13 |
||
| 490 |
_aPlanning (for the Natural and Built Environment) _v(1066) 29 April 1994, 7(1) |
||
| 520 | _aA survey of people living near three wind farms in Wales has found that nearly three-quarters would be prepared to see further development. Twelve councils from either side of the Pennines have joined together in an agreement on the principles to be used in devising planning policies and in considering individual development proposals on wind farms. | ||
| 650 | _aPLANNING POLICIES | ||
| 650 | _aRENEWABLE ENERGY | ||
| 650 | _aWIND ENERGY | ||
| 650 | _aWIND FARMS | ||
| 690 | _aENVIRONMENTAL AND LAND CONSULTANCY-ENERGY | ||
| 942 | _n0 | ||
| 948 | _c04/03/1997 | ||
| 999 |
_c23933 _d23933 |
||